Statistics for Word Scramble Geography by Letter - R

Click here to take the quiz!

General Stats

  • This quiz has been taken 295 times
  • The average score is 7 of 10

Answer Stats

Answer% Correct
Rabat
100%
Riga
100%
Rhine
97%
Rome
97%
Riyadh
90%
Russia
90%
Romania
87%
Rwanda
86%
Ruble
85%
Reykjavik
82%
Rotterdam
76%
Rhodes
73%
Roseau
72%
Raleigh
70%
Recife
70%
Rhode Island
63%
Richmond
62%
Rosario
61%
Rawalpindi
50%
Rio de Janeiro
46%
Rio Grande
34%

Score Distribution

Percentile by Number Answered

Percent of People with Each Score

Your Score History

You have not taken this quiz